Ordinary Differential Eqautions (Record no. 8554)

MARC details
000 -LEADER
fixed length control field 00563nam a22001937a 4500
003 - CONTROL NUMBER IDENTIFIER
control field OSt
005 - DATE AND TIME OF LATEST TRANSACTION
control field 20240617124615.0
008 - FIXED-LENGTH DATA ELEMENTS--GENERAL INFORMATION
fixed length control field 240617b |||||||| |||| 00| 0 eng d
020 ## - INTERNATIONAL STANDARD BOOK NUMBER
International Standard Book Number 9780824723378
040 ## - CATALOGING SOURCE
Transcribing agency MUST
082 ## - DEWEY DECIMAL CLASSIFICATION NUMBER
Classification number 515.352 CRO 2008
100 ## - MAIN ENTRY--PERSONAL NAME
Personal name Cronin,Jane
9 (RLIN) 17359
245 ## - TITLE STATEMENT
Title Ordinary Differential Eqautions
Remainder of title Introduction and Qualitative Theory
Statement of responsibility, etc. Jane Cronin
300 ## - PHYSICAL DESCRIPTION
Extent xix,381p
Other physical details ill.
Dimensions 24cm
440 ## - SERIES STATEMENT/ADDED ENTRY--TITLE
Title PURE AND APPLIED MATHEMATICS
9 (RLIN) 17360
504 ## - BIBLIOGRAPHY, ETC. NOTE
Bibliography, etc Appendix, References and Indexes
650 ## - SUBJECT ADDED ENTRY--TOPICAL TERM
Source of heading or term mathematics
942 ## - ADDED ENTRY ELEMENTS (KOHA)
Source of classification or shelving scheme Dewey Decimal Classification
Koha item type Open Shelf
Holdings
Withdrawn status Lost status Source of classification or shelving scheme Damaged status Not for loan Home library Current library Date acquired Source of acquisition Inventory number Total Checkouts Full call number Barcode Date last seen Price effective from Koha item type
    Dewey Decimal Classification     MUST Main Library MUST Main Library 17/06/2024 Purchase 11/33163   515.352 CRO 2008 2024-20662 17/06/2024 17/06/2024 Open Shelf